000 00584nam a2200193Ia 4500
008 101110s9999 xx 000 0 und d
041 _aENGLISH
082 _bSR22368
100 _aSathe Vasant
245 _aTax without Tears : for Economic independence & National integration
365 _b95
520 _aEconomics
546 _aENGLISH
630 _aTax without Tears : for Economic independence & National integration
650 _aEconomics
655 _aEconomics
730 _aTax without Tears : for Economic independence & National integration
942 _cBOOK
999 _c815121
_d815118